000 00645cam a22001931 4500
001 BD-DhSAU 5947
003 BD-DhSAU
005 20150430104907.0
008 050110s1966 nyua 000 0 eng
040 _aBD-DhSAU
082 _222
_a630.9
_bMOG
100 1 _aMosher, Arthur Theodore,
245 1 0 _aGetting agriculture moving :
_bessentials for development and modernization /
_cby Arthur T. Mosher.
260 _aNew York :
_bPublished for the Agricultural Development Council by Praeger ,
_cc1966.
300 _a191 p.:
_bill. ;
_c23 cm.
590 _aIMRAN
650 0 _aAgriculture and state.
710 2 _aAgricultural Development Council.
942 _2ddc
_cBOOK
999 _c5947
_d5947